AFL Positions - Statistics

General Stats
  • This quiz has been taken 32 times
  • The average score is 11 of 13
Answer Stats
Area Position % Correct
Midfield Ruck
97%
Midfield Wing
97%
Forward Full Forward
94%
Defence Full Back
90%
Defence Half Back
87%
Forward Half Forward
84%
Midfield Rover
81%
Midfield Centre
77%
Forward Forward Pocket
77%
Midfield Ruck Rover
77%
Defence Back Pocket
74%
Defence Centre Half Back
61%
Forward Centre Half Forward
61%
No matching quizzes found
Score Distribution
Percent of People with Each Score
Percentile by Number Answered
Your Score History
You have not taken this quiz